000 00282nam a22001337a 4500
008 170208b xxu||||| |||| 00| 0 eng d
020 _a1401661830
041 _aeng
080 _23ED
_a61
100 _a4
101 _aSHM
245 _aETHICS HEALTH CARE
_cEDGE.S
942 _2udc
_cBK
999 _c4972
_d4972